书目信息 |
| 题名: |
示踪原子法在化学中的应用
|
|
| 作者: | 华西里耶夫 主编 ;刘程 译 | |
| 分册: | ||
| 出版信息: | 北京 中国工业出版社 1963 |
|
| 页数: | ||
| 开本: | 20cm | |
| 丛书名: | ||
| 单 册: | ||
| 中图分类: | O621.15 | |
| 科图分类: | ||
| 主题词: | 有机化学 | |
| 电子资源: | ||
| ISBN: | ||
| 000 | 00828nam0 2200229 450 | |
| 001 | 0640398411 | |
| 005 | 20060427111713.67 | |
| 010 | @dCNY2.00 | |
| 091 | @a15165.1752 | |
| 100 | @a20060427d1963 km y0chiy0120 ea | |
| 101 | 0 | @achi@crus |
| 102 | @aCN@b110000 | |
| 200 | 1 | @a示踪原子法在化学中的应用@Ashi zong yuan zi fa zai hua xue zhong de ying yong@e外国期刊文献的缩译文和概述文集@f(苏)В·Г·华西里耶夫主编@F(su)В·Г·hua xi li ye fu zhu bian@g刘程译@Gliu cheng yi |
| 210 | @a北京@c中国工业出版社@d1963 | |
| 215 | @c379@d20cm | |
| 517 | 1 | @a外国期刊文献的缩译文和概述文集@Awai guo qi kan wen xian de suo yi wen he gai shu wen ji |
| 606 | 0 | @a有机化学 |
| 690 | @aO621.15@v3 | |
| 701 | 0 | @a华西里耶夫@Ahua xi li ye fu@4主编 |
| 702 | 0 | @a刘程@Aliu cheng@4译 |
| 801 | 0 | @aCN@bPFT@c20060427 |
| 905 | @a10447@dO621.15@e20 | |
| 示踪原子法在化学中的应用:外国期刊文献的缩译文和概述文集/(苏)В·Г·华西里耶夫主编/刘程译.-北京:中国工业出版社,1963 |
| 379;20cm |
| ISBN :CNY2.00 |
| ● |
| 相关链接 |
|
|
|
|
正题名:示踪原子法在化学中的应用
索取号:O621.15/20
 
预约/预借
| 序号 | 登录号 | 条形码 | 馆藏地/架位号 | 状态 | 备注 |
| 1 | 0016613 | 000700272 | 密集书库/ [索取号:O621.15/20] | 在馆 |